| 000 | 01079cam a22003257a 4500 | ||
|---|---|---|---|
| 003 | CHAP | ||
| 005 | 20220817042353.0 | ||
| 008 | 971013s1991 r 00010 d | ||
| 010 | _a42522 | ||
| 011 | _a43494 | ||
| 035 | _a47630 | ||
| 040 | _cCHAP | ||
| 082 |
_a634.90913 _bC6 |
||
| 245 | 1 | 4 | _aThe conservation atlas of tropical forests |
| 260 |
_aNew York : _bSimon and Schuster, _c1991- |
||
| 300 |
_av. _b: ilus. |
||
| 500 | _aLa biblioteca tiene : v.1 Africa -- v.2 Asia | ||
| 590 |
_aBATCH-UPD _b10 _c20130110 _lUCH01 _h1617 |
||
| 590 |
_aBATCH-UPD _b10 _c20130410 _lUCH01 _h1012 |
||
| 590 |
_aBATCH-UPD _b10 _c20130914 _lUCH01 _h0713 |
||
| 590 |
_aCONVERSION _b10 _c20130109 _lUCH01 _h1323 |
||
| 650 | 1 | 4 |
_aBosques _xAfrica. _914045 |
| 650 | 1 | 4 |
_aBosques _xAsia. _914057 |
| 650 | 1 | 4 |
_aBosques _xPreservación. |
| 650 | 1 | 4 |
_aBosques _xTrópicos. _914401 |
| 901 | _aBK | ||
| 942 | _cLIBRO | ||
| 949 |
_a634.90913 C6 _bBC _cC _d33724000650594 _eC _fv.1 _gI.172255 _h89037 _i47630 _si _t390.50 |
||
| 949 |
_a634.90913 C6 _bBC _cC _d33724000650602 _eC _fv.2 _gI.174972 _h89035 _i47630 _si _t342.50 |
||
| 999 |
_c42522 _d42522 |
||